[Event "RA-2012-0-00227"]
[Site "LSS email"]
[Date "2012.07.24"]
[Round "?"]
[White "Larwinski, Paul"]
[Black "Shishkin, Victor A"]
[Result "1-0"]
[WhiteElo "2113"]
[BlackElo "1868"]
[PlyCount "49"]
[EventDate "2012.07.07"]
[EventType "tourn (corr)"]
[EventRounds "6"]
[EventCountry "GER"]
[SourceTitle "Telechess CBM 165"]
[Source "ChessBase"]
[SourceDate "2015.03.11"]
[SourceVersion "1"]
[SourceVersionDate "2015.03.11"]
[SourceQuality "1"]

1. e4 e6 2. d4 d5 3. Nc3 Nf6 4. Bg5 Be7 5. e5 Nfd7 6. Bxe7 Qxe7 7. Nb5 Nb6 8. a4 a6 9. a5 Nc4 10. Bxc4 dxc4 11. Na3 Qb4+ 12. c3 Qxb2 13. Ne2 Qb3 14. Qd2 Qa4 15. 0-0 0-0 16. Nf4 Qxa5 17. Rfb1 c6 18. Nxc4 Qd8 19. Nd6 Nd7 20. c4 c5 21. Ra3 Qe7 22. Nh5 cxd4 23. Rg3 g6 24. Ne4 f6 25. exf6 1-0

[Event "RA-2012-0-00227"]
[Site "LSS email"]
[Date "2012.07.24"]
[Round "?"]
[White "Shishkin, Victor A"]
[Black "Silva Filho, Alcindo Luz Bastos"]
[Result "0-1"]
[WhiteElo "1868"]
[BlackElo "2115"]
[PlyCount "56"]
[EventDate "2012.07.07"]
[EventType "tourn (corr)"]
[EventRounds "6"]
[EventCountry "GER"]
[SourceTitle "Telechess CBM 165"]
[Source "ChessBase"]
[SourceDate "2015.03.11"]
[SourceVersion "1"]
[SourceVersionDate "2015.03.11"]
[SourceQuality "1"]

1. d4 Nf6 2. Nf3 e6 3. c4 b6 4. g3 Bb7 5. Bg2 Be7 6. 0-0 0-0 7. Nc3 Ne4 8. Qd3 Nxc3 9. Qxc3 c5 10. Rd1 d6 11. b3 Bf6 12. Bb2 Nd7 13. Qc2 Qc7 14. Rd2 Rac8 15. dxc5 bxc5 16. Rad1 Be7 17. Ne1 Rfd8 18. Bxb7 Qxb7 19. Ng2 a5 20. e4 Ra8 21. f3 a4 22. bxa4 Qa6 23. Ne3 Qxa4 24. Qxa4 Rxa4 25. e5 Rxa2 26. exd6 Bf8 27. Kf2 f6 28. f4 Nb6 0-1

[Event "RA-2012-0-00227"]
[Site "LSS email"]
[Date "2012.07.24"]
[Round "?"]
[White "Tarmak, Mart"]
[Black "Shishkin, Victor A"]
[Result "1-0"]
[WhiteElo "2028"]
[BlackElo "1868"]
[PlyCount "39"]
[EventDate "2012.07.07"]
[EventType "tourn (corr)"]
[EventRounds "6"]
[EventCountry "GER"]
[SourceTitle "Telechess CBM 165"]
[Source "ChessBase"]
[SourceDate "2015.03.11"]
[SourceVersion "1"]
[SourceVersionDate "2015.03.11"]
[SourceQuality "1"]

1. e4 e6 2. d4 d5 3. Nd2 c5 4. exd5 exd5 5. Ngf3 Nc6 6. Bb5 Bd6 7. dxc5 Qe7+ 8. Qe2 Qxe2+ 9. Kxe2 Bxc5 10. Nb3 Bd6 11. Bg5 a6 12. Bd3 Nge7 13. Rhe1 0-0 14. c3 f6 15. Be3 Ne5 16. Nxe5 fxe5 17. f3 Rf7 18. Rad1 Bc7 19. Kf2 e4 20. Bb1 1-0

[Event "SA-2012-0-00251"]
[Site "LSS email"]
[Date "2012.03.12"]
[Round "?"]
[White "Schmitz, Martin"]
[Black "Shishkin, Victor A"]
[Result "1-0"]
[WhiteElo "2107"]
[BlackElo "1868"]
[PlyCount "67"]
[EventDate "2012.02.12"]
[EventType "tourn (corr)"]
[EventRounds "6"]
[EventCountry "GER"]
[SourceTitle "Telechess CBM 165"]
[Source "ChessBase"]
[SourceDate "2015.03.11"]
[SourceVersion "1"]
[SourceVersionDate "2015.03.11"]
[SourceQuality "1"]

1. c4 e6 2. g3 d5 3. Bg2 Nf6 4. d4 Be7 5. Nf3 0-0 6. 0-0 dxc4 7. Qc2 a6 8. Qxc4 b5 9. Qc2 Bb7 10. Bf4 Nc6 11. Nc3 Nb4 12. Qc1 Nbd5 13. Nxd5 Nxd5 14. Rd1 Rc8 15. Bg5 c5 16. dxc5 Qe8 17. Bxe7 Qxe7 18. Qd2 Qxc5 19. Rac1 Qb6 20. Ne5 Rxc1 21. Rxc1 Rd8 22. Rd1 Qc7 23. Qd4 f6 24. Nd3 Nb6 25. Qe3 Rd6 26. Rc1 Qe7 27. Bxb7 Qxb7 28. Qc5 Qd7 29. Qc7 Qxc7 30. Rxc7 Nd7 31. Kg2 Kf7 32. f4 Kg6 33. Kf3 e5 34. Ra7 1-0

[Event "RA-2012-0-00193"]
[Site "LSS email"]
[Date "2012.03.09"]
[Round "?"]
[White "Shishkin, Victor A"]
[Black "Sorcinelli, Andrea"]
[Result "1/2-1/2"]
[WhiteElo "2011"]
[BlackElo "2106"]
[PlyCount "62"]
[EventDate "2012.02.17"]
[EventType "tourn (corr)"]
[EventRounds "6"]
[EventCountry "GER"]
[SourceTitle "Telechess CBM 155"]
[Source "ChessBase"]
[SourceDate "2013.07.16"]
[SourceVersion "1"]
[SourceVersionDate "2013.07.16"]
[SourceQuality "1"]

1. d4 d5 2. c4 c6 3. Nf3 Nf6 4. cxd5 cxd5 5. Nc3 Nc6 6. Bf4 a6 7. e3 Bg4 8. h3 Bxf3 9. Qxf3 e6 10. Bd3 Bd6 11. Bg5 h6 12. Bh4 Nb4 13. Bb1 Rc8 14. 0-0 0-0 15. a3 Nc6 16. Bd3 Na5 17. Rac1 Be7 18. Na4 b5 19. Nc5 Bxc5 20. Bxf6 Qxf6 21. Qxf6 gxf6 22. dxc5 Nb3 23. Rc3 Nxc5 24. Bxb5 axb5 25. Rfc1 b4 26. axb4 Nb3 27. Rxc8 Nxc1 28. Rxc1 Rb8 29. Kf1 Rxb4 30. Rc2 Kf8 31. Ke2 f5 1/2-1/2

[Event "SA-2012-0-00250"]
[Site "LSS email"]
[Date "2012.02.28"]
[Round "?"]
[White "Shishkin, Victor A"]
[Black "Jordan, Juergen"]
[Result "0-1"]
[WhiteElo "1868"]
[BlackElo "2142"]
[PlyCount "82"]
[EventDate "2012.02.06"]
[EventType "tourn (corr)"]
[EventRounds "6"]
[EventCountry "GER"]
[SourceTitle "Telechess CBM 165"]
[Source "ChessBase"]
[SourceDate "2015.03.11"]
[SourceVersion "1"]
[SourceVersionDate "2015.03.11"]
[SourceQuality "1"]

1. d4 Nf6 2. c4 c5 3. d5 e6 4. Nc3 exd5 5. cxd5 d6 6. e4 g6 7. Nf3 Bg7 8. Be2 0-0 9. 0-0 a6 10. a4 Bg4 11. h3 Bxf3 12. Bxf3 Nbd7 13. Bf4 Qc7 14. a5 Rfe8 15. Qc2 Ne5 16. Be2 Nfd7 17. Bd2 c4 18. Na4 Rac8 19. Rfc1 Nc5 20. Nxc5 Qxc5 21. Ra4 f5 22. exf5 Qxd5 23. fxg6 hxg6 24. Bxc4 Nxc4 25. Rxc4 Rxc4 26. Qxc4 Qxc4 27. Rxc4 Bxb2 28. Bb4 Kf7 29. Bxd6 Re1+ 30. Kh2 Be5+ 31. Bxe5 Rxe5 32. Ra4 Ke6 33. h4 Rb5 34. g4 Kf6 35. Kg3 Ke6 36. Ra3 Kf7 37. g5 Kg7 38. Kg4 Kg8 39. f4 Rb1 40. Rh3 Rb5 41. h5 Rxa5 0-1

[Event "RA-2011-0-00176"]
[Site "LSS email"]
[Date "2012.01.02"]
[Round "?"]
[White "Shishkin, Victor A"]
[Black "Husemann, Andreas"]
[Result "1-0"]
[WhiteElo "2036"]
[BlackElo "1994"]
[PlyCount "85"]
[EventDate "2011.12.16"]
[EventType "tourn (corr)"]
[EventRounds "6"]
[EventCountry "GER"]
[SourceTitle "Telechess CBM 153"]
[Source "ChessBase"]
[SourceDate "2013.03.14"]
[SourceVersion "1"]
[SourceVersionDate "2013.03.14"]
[SourceQuality "1"]

1. d4 Nf6 2. c4 e6 3. Nf3 Bb4+ 4. Bd2 a5 5. g3 d6 6. Bg2 Nbd7 7. 0-0 e5 8. e3 Bxd2 9. Qxd2 0-0 10. Rd1 Qe7 11. Nc3 Re8 12. Qc2 Nb6 13. c5 dxc5 14. dxe5 Nfd7 15. e6 fxe6 16. Nb5 Nf6 17. Rac1 c6 18. Nd6 Rd8 19. Qxc5 Nbd5 20. Ne4 Qxc5 21. Nxc5 b6 22. Na4 Ba6 23. Nd4 Bb5 24. b3 Bxa4 25. bxa4 Ne7 26. Nxe6 Rxd1+ 27. Rxd1 Rb8 28. e4 h6 29. f4 Kf7 30. Rd6 Ne8 31. Nd8+ Kf8 32. Rd2 c5 33. Bf1 Nc7 34. Bc4 Ke8 35. Nf7 Nc6 36. Rd6 Nd8 37. Ne5 b5 38. Be2 bxa4 39. f5 Nb5 40. Rd7 Nd4 41. Bh5+ Kf8 42. Rxd4 cxd4 43. Nd7+ 1-0

[Event "SA-2011-0-00236"]
[Site "LSS email"]
[Date "2011.12.22"]
[Round "?"]
[White "Shishkin, Victor A"]
[Black "Meissner, Ruediger"]
[Result "1/2-1/2"]
[WhiteElo "1868"]
[BlackElo "2069"]
[PlyCount "49"]
[EventDate "2011.11.29"]
[EventType "tourn (corr)"]
[EventRounds "6"]
[EventCountry "GER"]
[SourceTitle "Telechess CBM 165"]
[Source "ChessBase"]
[SourceDate "2015.03.11"]
[SourceVersion "1"]
[SourceVersionDate "2015.03.11"]
[SourceQuality "1"]

1. d4 f5 2. e4 fxe4 3. Nc3 Nf6 4. Bg5 Nc6 5. d5 Ne5 6. Qd4 Nf7 7. Bxf6 exf6 8. Nxe4 f5 9. Ng3 g6 10. 0-0-0 Bh6+ 11. f4 0-0 12. Nf3 b5 13. h4 c5 14. dxc6 dxc6 15. Ng5 Qxd4 16. Rxd4 Bg7 17. Rd3 Nxg5 18. hxg5 Be6 19. Be2 Bxa2 20. Bf3 Rfd8 21. Rhd1 Rxd3 22. Rxd3 Rc8 23. Ne2 Bf7 24. Nd4 Be8 25. Ne6 1/2-1/2

[Event "SA-2011-0-00236"]
[Site "LSS email"]
[Date "2011.12.19"]
[Round "?"]
[White "Kolar, Jaroslav"]
[Black "Shishkin, Victor A"]
[Result "1/2-1/2"]
[WhiteElo "2089"]
[BlackElo "1868"]
[PlyCount "48"]
[EventDate "2011.11.29"]
[EventType "tourn (corr)"]
[EventRounds "6"]
[EventCountry "GER"]
[SourceTitle "Telechess CBM 165"]
[Source "ChessBase"]
[SourceDate "2015.03.11"]
[SourceVersion "1"]
[SourceVersionDate "2015.03.11"]
[SourceQuality "1"]

1. Nf3 d5 2. g3 Nf6 3. Bg2 e6 4. 0-0 Be7 5. c4 0-0 6. Qc2 c5 7. d4 cxd4 8. Nxd4 Nc6 9. Nxc6 bxc6 10. b3 a5 11. Nc3 e5 12. Na4 Be6 13. Bb2 Qb8 14. cxd5 cxd5 15. Rac1 Rd8 16. Qc7 Bd6 17. Qxb8 Raxb8 18. Bc3 Ra8 19. e3 h6 20. Bb2 Rab8 21. Rfd1 Rdc8 22. h3 Kf8 23. Nc3 e4 24. Na4 Rxc1 1/2-1/2

[Event "RA-2011-0-00173"]
[Site "LSS email"]
[Date "2011.12.19"]
[Round "?"]
[White "Sukhorskij, Vladimir Stanislavo"]
[Black "Shishkin, Victor A"]
[Result "1/2-1/2"]
[WhiteElo "2142"]
[BlackElo "2041"]
[PlyCount "34"]
[EventDate "2011.12.02"]
[EventType "tourn (corr)"]
[EventRounds "6"]
[EventCountry "GER"]
[SourceTitle "Corr 2015"]
[Source "ChessBase"]
[SourceDate "2015.07.17"]
[SourceVersion "1"]
[SourceVersionDate "2015.07.17"]
[SourceQuality "1"]

1. e4 e6 2. d4 d5 3. Nc3 Nf6 4. Bg5 Be7 5. e5 Nfd7 6. Bxe7 Qxe7 7. Nb5 Nb6 8. a4 a6 9. a5 axb5 10. axb6 Rxa1 11. Qxa1 c6 12. Nf3 Nd7 13. Bd3 Nxb6 14. 0-0 0-0 15. b3 b4 16. Qa5 Nd7 17. Ra1 c5 1/2-1/2

[Event "RA-2011-0-00172"]
[Site "LSS email"]
[Date "2011.12.17"]
[Round "?"]
[White "Dehaybe, Andre"]
[Black "Shishkin, Victor A"]
[Result "1/2-1/2"]
[WhiteElo "2101"]
[BlackElo "2041"]
[PlyCount "74"]
[EventDate "2011.11.27"]
[EventType "tourn (corr)"]
[EventRounds "6"]
[EventCountry "GER"]
[SourceTitle "Telechess CBM 155"]
[Source "ChessBase"]
[SourceDate "2013.07.16"]
[SourceVersion "1"]
[SourceVersionDate "2013.07.16"]
[SourceQuality "1"]

1. d4 d5 2. c4 e6 3. Nc3 Nf6 4. Bg5 Be7 5. e3 0-0 6. Nf3 Nbd7 7. Rc1 h6 8. Bh4 b6 9. cxd5 exd5 10. Bd3 Bb7 11. Qc2 Rc8 12. 0-0 c5 13. Qb1 Ne8 14. Bxe7 Qxe7 15. Bh7+ Kh8 16. Bf5 Nd6 17. Rfd1 Nxf5 18. Qxf5 Qe6 19. Nh4 Kg8 20. Qxe6 fxe6 21. Ng6 Rfe8 22. Nb5 Kh7 23. Ne5 Nxe5 24. dxe5 Re7 25. Nd6 Rf8 26. f3 Bc6 27. h4 g5 28. hxg5 hxg5 29. Kf2 a5 30. Rh1+ Kg6 31. Ke2 Rh7 32. Rxh7 Kxh7 33. Kd3 Be8 34. Rh1+ Kg7 35. Kc3 Bg6 36. a4 Be8 37. b3 Bg6 1/2-1/2

[Event "RA-2011-0-00172"]
[Site "LSS email"]
[Date "2011.12.17"]
[Round "?"]
[White "Shishkin, Victor A"]
[Black "Massie, James"]
[Result "0-1"]
[WhiteElo "2041"]
[BlackElo "1903"]
[PlyCount "92"]
[EventDate "2011.11.27"]
[EventType "tourn (corr)"]
[EventRounds "6"]
[EventCountry "GER"]
[SourceTitle "Telechess CBM 155"]
[Source "ChessBase"]
[SourceDate "2013.07.16"]
[SourceVersion "1"]
[SourceVersionDate "2013.07.16"]
[SourceQuality "1"]

1. d4 d5 2. c4 e6 3. Nf3 Nf6 4. Nc3 Be7 5. Bf4 0-0 6. e3 Nbd7 7. Qc2 c5 8. dxc5 Nxc5 9. Be2 dxc4 10. Bxc4 a6 11. a4 Qa5 12. 0-0 b6 13. Rab1 Ncd7 14. Rfd1 Bb7 15. Ng5 Rfd8 16. Bd3 Nf8 17. Nge4 Nh5 18. Be2 Nxf4 19. exf4 Rac8 20. Rxd8 Rxd8 21. g3 Rd4 22. Bf3 Bc6 23. b3 f5 24. Ng5 Qc5 25. b4 Rxb4 26. Rxb4 Bxf3 27. Rb2 Bb7 28. Qd3 h6 29. Nh3 g5 30. fxg5 hxg5 31. Kf1 Qc6 32. f3 g4 33. Nf4 gxf3 34. a5 bxa5 35. Rc2 Qb6 36. Qc4 Kf7 37. Rc1 Qb4 38. Qc7 Be4 39. Rd1 Ng6 40. Nxg6 Kxg6 41. Qc8 Bf6 42. Nxe4 Qxe4 43. Rd2 a4 44. Qe8+ Kh6 45. Qf8+ Bg7 46. Qd6 Kg6 0-1